Szczegóły MARC21

A university grammar of English : based on A grammar of contemporary English by Randolph Quirk [et al.] /

003 -Nazwa inst., której nr kontr. jest w polu 001 [,]
    • @
    • Nazwa instytucji, której n kontrolny jest w polu 001
    • NUKAT
005 -DATA I CZAS OSTATNIEJ MODYFIKACJI [,]
    • @
    • pole kontrolne
    • 20241231092348.0
020 -Międzynarod. znormalizowany nr książki - ISBN [ , ]
    • a
    • Numer ISBN
    • 0582552079 Find
040 -Instytucja sporządzająca opis [ , ]
    • a
    • Instytucja, która sporządziła opis (NP)
    • TOR U/dgd
    • c
    • Instytucja, która sporządziła rekord (NP)
    • TOR U/dgd
    • d
    • Instytucja, która zmodyfikowała rekord (P)
    • TOR U/dgd
942 -Rodzaj dokumentu [ , ]
    • c
    • Rodzaj dokumentu
    • Książka
100 -Hasło główne - nazwa osobowa [1, ]
    • a
    • Nazwa osobowa (NP)
    • Quirk, Randolph
    • d
    • Daty biograficzne (NP)
    • (1920-2017).
    • 9
    • KHW
    • 82581
245 -Strefa tytułu i oznaczenia odpowiedzialności [1,2]
    • a
    • Tytuł
    • A university grammar of English : Find
    • b
    • Ciąg dalszy tytułu (NP)
    • based on A grammar of contemporary English by Randolph Quirk [et al.] / Find
    • c
    • Pozostałe elementy strefy tytułu i oznaczenia odpowiedzialności (NP)
    • Randolph Quirk, Sidney Greenbaum.
250 -Strefa wydania [ , ]
    • a
    • Oznaczenie wydania (NP)
    • 23rd impr.
260 -Strefa adresu wydawniczego [ , ]
    • a
    • Miejsce wydania (P)
    • Harlow :
    • b
    • Nazwa wydawcy (P)
    • Longman,
    • c
    • Data wydania (P)
    • 1990.
300 -Strefa opisu fizycznego [ , ]
    • a
    • Określenie formy książki i/lub objętość (NP)
    • XI, 484 s. ;
    • c
    • Format (NP)
    • 23 cm.
336 -Typ zawartości [ , ]
    • a
    • Termin opisujący typ zawartości
    • Tekst
    • b
    • Kod określający zawartość
    • txt
    • 2
    • Źródło (terminu i kodu)
    • rdacontent
337 -Typ mediów [ , ]
    • a
    • Tryb odtwarzania
    • Bez urządzenia pośredniczącego
    • b
    • Kod typu mediów
    • n
    • 2
    • Źródło (terminu i kodu)
    • rdamedia
338 -Typ/rodzaj nośnika [ , ]
    • a
    • Hasło opisujące typ nośnika
    • Wolumin
    • b
    • Kod typu nośnika
    • nc
    • 2
    • Źródło (terminu i kodu)
    • rdacarrier
500 -Uwaga ogólna [ , ]
    • a
    • Uwaga ogólna (NP)
    • 1st publ. 1973.
504 -Uwaga dot. bibliogr. załącznikowej [ , ]
    • a
    • Uwaga dot. bibliografii załącznikowej
    • Bibliogr. s. 462-464. Indeks.
700 -Hasło dodatkowe - nazwa osobowa [1, ]
    • a
    • Nazwa osobowa (NP)
    • Greenbaum, Sidney Find
    • d
    • Daty biograficzne (NP)
    • (1929- ).
    • 9
    • KHW
    • 82580
920 -ISBN [ , ]
    • a
    • ISBN
    • 0-582-55207-9 Find
Numer inwentarzowy Status udost. Lokalizacja Sygnatura
A.13441BMANG. Gramatyka 07